[Event "Quilpue U1600"]
[Site "Quilpue"]
[Date "2018.05.20"]
[Round "4.2"]
[White "Zamora Zamora, Cristian"]
[Black "Aravena Parraguez, Jason"]
[Result "0-1"]
[WhiteElo "1433"]
[BlackElo "1285"]
[PlyCount "70"]
[EventDate "2018.05.19"]
[EventType "swiss"]
[EventRounds "6"]
[EventCountry "CHI"]
[SourceTitle "EXT 2024"]
[Source "ChessBase"]
[SourceDate "2023.10.10"]
[SourceVersion "1"]
[SourceVersionDate "2023.10.10"]
[SourceQuality "1"]

1. d4 Nf6 2. Nc3 d5 3. Bg5 c6 4. e3 Bf5 5. Bd3 Bg6 6. Bxf6 exf6 7. Qd2 Nd7 8. a3 a5 9. f3 Bd6 10. Nge2 Qe7 11. 0-0 0-0 12. Bxg6 hxg6 13. e4 Nb6 14. b3 Bxa3 15. Qf4 Bb2 16. Rae1 Qb4 17. Nd1 Bxd4+ 18. Kh1 Be5 19. Qg4 Qd2 20. f4 Bd6 21. f5 Qh6 22. Ng3 Kh7 23. Rf3 Kh8 24. fxg6 fxg6 25. Qe6 Bf4 26. Nf2 Rfe8 27. Qf7 Rad8 28. Nh3 Bd6 29. Qxb7 Bxg3 30. Rxg3 Rb8 31. Qf7 dxe4 32. Ree3 Rbd8 33. Nf2 Re5 34. Qc7 Nd5 35. Re1 Nxc7 0-1

[Event "Vina del Mar U2000 5th"]
[Site "Vina del Mar"]
[Date "2018.02.10"]
[Round "2.1"]
[White "Campos Zambrano, Alexis Andres"]
[Black "Zamora Zamora, Cristian"]
[Result "1-0"]
[WhiteElo "1628"]
[BlackElo "1182"]
[PlyCount "129"]
[EventDate "2018.02.09"]
[EventType "swiss"]
[EventRounds "5"]
[EventCountry "CHI"]
[SourceTitle "EXT 2024"]
[Source "ChessBase"]
[SourceDate "2023.10.10"]
[SourceVersion "1"]
[SourceVersionDate "2023.10.10"]
[SourceQuality "1"]

1. Nf3 e6 2. c4 b6 3. g3 Bb7 4. Bg2 c5 5. 0-0 h5 6. h4 Nf6 7. d4 d6 8. Bg5 Be7 9. Nc3 Ng4 10. e4 Nd7 11. Re1 Bxg5 12. Nxg5 Rh6 13. f3 Ngf6 14. Nb5 Nf8 15. dxc5 Rb8 16. cxd6 N8d7 17. e5 Nh7 18. Nc7+ Kf8 19. f4 Nxg5 20. fxg5 Rh7 21. g6 Rh6 22. Bxb7 Rxb7 23. Qf3 Rxg6 24. Qxb7 Rxg3+ 25. Kf2 Rg4 26. Re4 Qxh4+ 27. Ke3 Qh3+ 28. Kd4 Rxe4+ 29. Qxe4 Kg8 30. Rh1 Qg3 31. Rxh5 Qf2+ 32. Kc3 Qg3+ 33. Kb4 g6 34. Qa8+ Nf8 35. Rh8+ Kxh8 36. Qxf8+ Kh7 37. Qxf7+ Kh6 38. Qf8+ Kh7 39. Nb5 a5+ 40. Ka4 Qxe5 41. Qe7+ Kh6 42. Qh4+ Kg7 43. Qd4 Qxd4 44. Nxd4 Kf7 45. Kb5 e5 46. Nf3 Ke6 47. Nxe5 Kxd6 48. Nxg6 Kc7 49. Nf4 Kb7 50. Nd5 Ka7 51. Nxb6 Kb7 52. c5 Ka7 53. c6 a4 54. Nd7 a3 55. b4 Ka8 56. Kc5 Ka7 57. Kd6 Ka8 58. c7 Kb7 59. Nb6 Kxb6 60. c8Q Kb5 61. Qc6+ Kxb4 62. Qc5+ Ka4 63. Qc4+ Ka5 64. Qb3 Ka6 65. Kc6 1-0